5 Scenes, 1 Actor VIII Quiz Stats

 Plays Quiz Updated Jul 27, 2018

Score 0/22 Timer 07:00
3 Plays Today
% Correct
Helena Bonham Carter
86.5%
Tim Allen
85%
Chris Rock
81.9%
Tommy Lee Jones
76.3%
Daniel Day-Lewis
73.5%
Jared Leto
70.9%
Elijah Wood
68.8%
Alan Rickman
68.3%
Benicio del Toro
65.2%
Gerard Butler
61.6%
Jeremy Renner
60.7%
% Correct
Nicole Kidman
58.9%
Dave Bautista
55.6%
Cillian Murphy
52.7%
Charlie Chaplin
50.5%
Javier Bardem
50.2%
J. K. Simmons
48.6%
Donald Sutherland
48.4%
Nathan Lane
45.1%
Josh Gad
42.7%
Jake Gyllenhaal
37.7%
Alan Cumming
33.9%

You're not logged in!

Compare scores with friends on all Sporcle quizzes.
OR
Log In

Sporcle TV

Today on Sporcle TV


Watch our educational content, quiz creation guides, and fun videos on Sporcle TV.

Show Comments

Extras

Top Quizzes Today


Score Distribution

Your Account Isn't Verified!

In order to create a playlist on Sporcle, you need to verify the email address you used during registration. Go to your Sporcle Settings to finish the process.

Report this User

Report this user for behavior that violates our Community Guidelines.

Details: